000 00520nam a2200193Ia 4500
005 20260603135419.0
008 131103s9999 xx 000 0 und d
040 _aLoreto College
041 _aEnglish
082 _a843
_bMER
100 _aMerimee, Prosper
245 _aMateo falcone tamango l'enlevement de la redoute
_cProsper Merimee; edited by W.E.Russell
260 _aLondon
_bLongman
_c1898
300 _a79p.
650 _aFrench fiction
700 _aRussel, W.E; ed.
850 _aLCLIB
942 _cBK
999 _c24426
_d74905